[Event "Prague op 23rd"]
[Site "Prague"]
[Date "2025.01.13"]
[Round "5"]
[White "Kulhanek, Tomas"]
[Black "Polak, Michal"]
[Result "1-0"]
[WhiteElo "2313"]
[BlackElo "2037"]
[PlyCount "107"]
[EventDate "2025.01.10"]
[EventType "swiss"]
[EventRounds "9"]
[EventCountry "CZE"]
[SourceTitle "CB04_2025"]
[SourceDate "2025.01.22"]
[SourceVersion "1"]
[SourceVersionDate "2025.01.22"]
[SourceQuality "1"]

1. e4 c5 2. Nf3 Nc6 3. Bb5 g6 4. 0-0 Bg7 5. c3 e5 6. d3 Nge7 7. Be3 d6 8. d4 exd4 9. cxd4 0-0 10. Nc3 Qb6 11. Bxc6 Nxc6 12. Rb1 Bg4 13. dxc5 dxc5 14. Nd5 Qa5 15. Qb3 Bxf3 16. gxf3 Nd4 17. Bxd4 Bxd4 18. f4 Kg7 19. Rbd1 Rad8 20. Kh1 Qa6 21. f3 Qe2 22. Qd3 Qxd3 23. Rxd3 Bxb2 24. Rb3 Bd4 25. Rxb7 a5 26. Kg2 h5 27. Rfb1 Rc8 28. Nb6 Rb8 29. Nc4 Rxb7 30. Rxb7 Rd8 31. e5 Kg8 32. a4 Ba1 33. Nd6 f6 34. e6 Rxd6 35. Rb8+ Kg7 36. e7 Re6 37. e8Q Rxe8 38. Rxe8 Bc3 39. Rc8 Bb4 40. Rc7+ Kh6 41. h3 h4 42. Kf2 Ba3 43. Ke2 f5 44. Kd3 Bb4 45. Kc4 Ba3 46. Kb5 Bc1 47. Kxa5 Bxf4 48. Rxc5 Be3 49. Rc4 g5 50. Kb5 f4 51. Re4 Bd2 52. Re2 Bc3 53. Kc4 Ba5 54. Kd3 1-0

[Event "POL-chT 2nd League"]
[Site "Jastrzebia Gora"]
[Date "2024.09.03"]
[Round "4.53"]
[White "Polak, Michal"]
[Black "Pisarek, Jan"]
[Result "1/2-1/2"]
[WhiteElo "2020"]
[BlackElo "1959"]
[PlyCount "93"]
[EventDate "2024.08.31"]
[EventType "team-swiss"]
[EventRounds "9"]
[EventCountry "POL"]
[SourceTitle "EXT 2025"]
[Source "ChessBase"]
[SourceDate "2024.10.14"]
[SourceVersion "1"]
[SourceVersionDate "2024.10.14"]
[SourceQuality "1"]
[WhiteTeam "Chylice Laura"]
[BlackTeam "Gliwice Politechnika Slaska"]
[WhiteTeamCountry "POL"]
[BlackTeamCountry "POL"]

1. d4 c5 2. d5 g6 3. e4 d6 4. c4 Bg7 5. Nc3 Nf6 6. Bd3 0-0 7. h3 e6 8. Nge2 exd5 9. exd5 Nbd7 10. b3 Ne8 11. 0-0 f5 12. Rb1 a6 13. Qc2 Ne5 14. Re1 Qh4 15. Bf4 Nf6 16. Bg3 Qh6 17. Na4 Nh5 18. Nb6 Rb8 19. Nxc8 Rbxc8 20. Bh2 f4 21. f3 Qg5 22. Kh1 Nxd3 23. Qxd3 Qf5 24. Qxf5 Rxf5 25. Nc1 g5 26. Nd3 Bc3 27. Re4 Kf8 28. Rc1 Bd4 29. Rce1 Rf7 30. Re6 Rf6 31. Rxf6+ Bxf6 32. Kg1 Re8 33. Rxe8+ Kxe8 34. Kf2 Bd4+ 35. Ke2 Ke7 36. h4 h6 37. hxg5 hxg5 38. Ne1 Kf6 39. Nc2 Ke5 40. Kd3 Bf2 41. Ke2 Bd4 42. Kd3 Bb2 43. Bg1 Ng3 44. Bf2 Nf5 45. Be1 b5 46. Ke2 b4 47. Kd3 1/2-1/2

[Event "Warsaw Najdorf Memorial op-A"]
[Site "Warsaw"]
[Date "2024.07.14"]
[Round "6"]
[White "Harazinska, Magdalena"]
[Black "Polak, Michal"]
[Result "1-0"]
[WhiteElo "1969"]
[BlackElo "1997"]
[PlyCount "119"]
[EventDate "2024.07.09"]
[EventType "swiss"]
[EventRounds "9"]
[EventCountry "POL"]
[SourceTitle "EXT 2025"]
[Source "ChessBase"]
[SourceDate "2024.10.14"]
[SourceVersion "1"]
[SourceVersionDate "2024.10.14"]
[SourceQuality "1"]

1. d4 Nf6 2. c4 e6 3. Nc3 Bb4 4. e3 0-0 5. Nge2 d5 6. a3 Bxc3+ 7. Nxc3 Nbd7 8. cxd5 exd5 9. Bd3 c5 10. 0-0 b6 11. b4 a6 12. bxc5 bxc5 13. a4 Qc7 14. Ba3 Qa5 15. Rc1 Bb7 16. dxc5 Rfc8 17. Bf5 Rc7 18. Qd4 Nxc5 19. Bb4 Qb6 20. Nxd5 Bxd5 21. Bxc5 Qb7 22. f3 Re8 23. e4 Be6 24. Bxe6 Rxe6 25. a5 Rd7 26. Qb4 Qa8 27. Rfd1 Qd8 28. Rxd7 Qxd7 29. Bb6 h6 30. Qc4 Qd2 31. Qc8+ Kh7 32. Qc2 Rd6 33. Qxd2 Rxd2 34. Rc7 Kg6 35. Ra7 Nd7 36. Rxa6 Rd6 37. Kf2 Rd2+ 38. Kg3 Rd6 39. h4 h5 40. Kf4 f6 41. g4 Ne5 42. Ra8 Rd3 43. gxh5+ Kxh5 44. Kf5 Rxf3+ 45. Ke6 Kxh4 46. a6 Rb3 47. Bf2+ Kg4 48. Rc8 Ra3 49. a7 Ra6+ 50. Ke7 Kf3 51. Bg1 Kxe4 52. a8Q+ Rxa8 53. Rxa8 f5 54. Ke6 Nf3 55. Ra4+ Kd3 56. Bb6 g6 57. Kf6 Nd2 58. Kxg6 Nc4 59. Bc7 Ne3 60. Bf4 1-0

[Event "Warsaw Najdorf Memorial op-A"]
[Site "Warsaw"]
[Date "2024.07.13"]
[Round "5"]
[White "Polak, Michal"]
[Black "Wieckowski, Michal"]
[Result "1/2-1/2"]
[WhiteElo "1997"]
[BlackElo "1964"]
[PlyCount "119"]
[EventDate "2024.07.09"]
[EventType "swiss"]
[EventRounds "9"]
[EventCountry "POL"]
[SourceTitle "EXT 2025"]
[Source "ChessBase"]
[SourceDate "2024.10.14"]
[SourceVersion "1"]
[SourceVersionDate "2024.10.14"]
[SourceQuality "1"]

1. e4 c5 2. Nf3 d6 3. d4 cxd4 4. Nxd4 Nf6 5. Nc3 a6 6. Be3 e5 7. Nf3 Be7 8. Bc4 0-0 9. Qd3 Nbd7 10. 0-0-0 Qc7 11. Nd5 Nxd5 12. Bxd5 Nf6 13. Bb3 b5 14. Bg5 Bb7 15. Bxf6 Bxf6 16. Bd5 Rac8 17. Rd2 Rfd8 18. Rhd1 Bxd5 19. Qxd5 Qb6 20. g3 a5 21. h4 b4 22. Nh2 a4 23. Kb1 Rc5 24. Qd3 Rc3 25. Qd5 Rc5 26. Qd3 Rc3 27. Qe2 a3 28. b3 Qc7 29. f3 Rc8 30. Ng4 Qc5 31. Rd5 Qc7 32. R5d2 Qc5 33. Qf2 h5 34. Qxc5 dxc5 35. Nxf6+ gxf6 36. Rd8+ Rxd8 37. Rxd8+ Kg7 38. Rd3 Rxd3 39. cxd3 Kg6 40. Kc2 Kh6 41. Kd2 Kg6 42. Ke3 Kh6 43. Kf2 Kg6 44. Kg2 Kh6 45. Kh3 Kg6 46. g4 Kh6 47. gxh5 Kxh5 48. Kg3 f5 49. exf5 f6 50. Kh3 Kh6 51. Kg4 Kg7 52. Kg3 Kh6 53. Kf2 Kh5 54. Kg3 Kh6 55. Kg4 Kg7 56. Kh5 Kh7 57. Kg4 Kh6 58. Kg3 Kh5 59. Kh3 Kh6 60. Kg4 1/2-1/2

[Event "Krakow ICC op-B"]
[Site "Krakow"]
[Date "2024.06.26"]
[Round "6"]
[White "Kaim, Piotr"]
[Black "Polak, Michal"]
[Result "1/2-1/2"]
[WhiteElo "2094"]
[BlackElo "1996"]
[PlyCount "61"]
[EventDate "2024.06.20"]
[EventType "swiss"]
[EventRounds "9"]
[EventCountry "POL"]
[SourceTitle "EXT 2025"]
[Source "ChessBase"]
[SourceDate "2024.10.14"]
[SourceVersion "1"]
[SourceVersionDate "2024.10.14"]
[SourceQuality "1"]

1. g3 Nf6 2. Bg2 e6 3. Nf3 d5 4. 0-0 Be7 5. d3 0-0 6. Nbd2 c5 7. e4 Nc6 8. Re1 d4 9. e5 Nd5 10. a4 f5 11. exf6 gxf6 12. Nc4 Kh8 13. c3 e5 14. Nh4 dxc3 15. Qh5 cxb2 16. Bxb2 Rg8 17. Qf7 Ndb4 18. Nxe5 Nxe5 19. Rxe5 Rg7 20. Qh5 fxe5 21. Qxe5 Qf8 22. Re1 Nxd3 23. Qxg7+ Qxg7 24. Bxg7+ Kxg7 25. Rxe7+ Kf6 26. Rxh7 Be6 27. Bxb7 Rb8 28. Nf3 c4 29. Rh6+ Ke7 30. Nd4 Bd7 31. Be4 1/2-1/2

[Event "Warsaw YMCA Spring-A 286th"]
[Site "Warsaw"]
[Date "2024.05.21"]
[Round "11"]
[White "Basiaga, Sebastian"]
[Black "Polak, Michal"]
[Result "1/2-1/2"]
[WhiteElo "1917"]
[BlackElo "1952"]
[PlyCount "80"]
[EventDate "2024.04.12"]
[EventType "tourn"]
[EventRounds "11"]
[EventCountry "POL"]
[SourceTitle "EXT 2025"]
[Source "ChessBase"]
[SourceDate "2024.10.14"]
[SourceVersion "1"]
[SourceVersionDate "2024.10.14"]
[SourceQuality "1"]

1. e4 e5 2. Nf3 Nc6 3. d4 exd4 4. Nxd4 Nf6 5. Nxc6 bxc6 6. e5 Qe7 7. Qe2 Nd5 8. h4 f6 9. c4 Ba6 10. exf6 Qxe2+ 11. Bxe2 Nxf6 12. Nc3 d5 13. Bg5 0-0-0 14. 0-0-0 Bc5 15. Bxf6 gxf6 16. Bg4+ Kb8 17. cxd5 cxd5 18. Nxd5 Bxf2 19. Nxf6 Rxd1+ 20. Bxd1 Be3+ 21. Kb1 Rd8 22. Bc2 Bb7 23. Nxh7 Bxg2 24. Rd1 Rxd1+ 25. Bxd1 Be4+ 26. Bc2 Bxh7 27. Bxh7 Kc8 28. Kc2 Bb6 29. Kd3 Kd7 30. Ke4 Ke6 31. Bg8+ Kf6 32. b4 a5 33. b5 Kg6 34. Kf4 Kh5 35. Kg3 Kh6 36. Kg4 Bc5 37. Bc4 Bd4 38. Be2 Bf2 39. h5 Bb6 40. Kf5 Bf2 1/2-1/2